Yugoslavia Map Quiz Stats

 Plays Quiz Updated Nov 21, 2016

Challenge
Share
Tweet
Score 0/7 Timer 02:00
9 Plays Today
Answer % Correct
Croatia
95.1%
Serbia
92.9%
Slovenia
90.5%
Kosovo
90.1%
Bosnia and Herzegovina
89.7%
Macedonia
88.7%
Montenegro
87.9%

You're not logged in!

Compare scores with friends on all Sporcle quizzes.
OR
Log In

You Might Also Like...

Show Comments

Extras

Top Quizzes Today


Score Distribution

Your Account Isn't Verified!

In order to create a playlist on Sporcle, you need to verify the email address you used during registration. Go to your Sporcle Settings to finish the process.

Report this User

Report this user for behavior that violates our Community Guidelines.

Details: